Tous victimes ? (notice n° 2065142)
[ vue normale ]
| 000 -LEADER | |
|---|---|
| fixed length control field | 00694cam a2200157 4500500 |
| 005 - DATE AND TIME OF LATEST TRANSACTION | |
| control field | 20260405003203.0 |
| 041 ## - LANGUAGE CODE | |
| Language code of text/sound track or separate title | fre |
| 042 ## - AUTHENTICATION CODE | |
| Authentication code | dc |
| 100 10 - MAIN ENTRY--PERSONAL NAME | |
| Personal name | Arènes, Jacques |
| Relator term | author |
| 245 00 - TITLE STATEMENT | |
| Title | Tous victimes ? |
| 260 ## - PUBLICATION, DISTRIBUTION, ETC. | |
| Date of publication, distribution, etc. | 2005.<br/> |
| 500 ## - GENERAL NOTE | |
| General note | 13 |
| 520 ## - SUMMARY, ETC. | |
| Summary, etc. | RésuméLa position de victime est aujourd’hui envahissante, tant au niveau des traumatismes collectifs que dans le champ du quotidien. Une rhétorique de l’accusation et de la demande de réparation se met en place pour gérer les conflits les plus banals. |
| 786 0# - DATA SOURCE ENTRY | |
| Note | Études | 403 | 7 | 2005-07-01 | p. 43-52 | 0014-1941 |
| 856 41 - ELECTRONIC LOCATION AND ACCESS | |
| Uniform Resource Identifier | <a href="https://shs.cairn.info/revue-etudes-2005-7-page-43?lang=fr&redirect-ssocas=7080">https://shs.cairn.info/revue-etudes-2005-7-page-43?lang=fr&redirect-ssocas=7080</a> |
Pas d'exemplaire disponible.




Réseaux sociaux